Through the Kaleidoscope: Corporate Logos II Quiz Stats

 Plays Quiz Updated Dec 10, 2017

Score 0/18 Timer 04:00
2 Plays Today
% Correct
Red Bull
92.6%
Monster Energy
91.2%
LEGO
91.1%
Taco Bell
85.7%
Warner Bros.
85.2%
Cartoon Network
84.1%
McDonald's
83.8%
Guinness
75.3%
Baskin-Robbins
72%
% Correct
AT&T
63.8%
Rolex SA
61.7%
LG Corporation
56.3%
Facebook
51.5%
UNICEF
42.8%
Unilever
33.6%
Walt Disney Pictures
30.2%
Xerox Corporation
29.5%
Lufthansa
16.6%

You're not logged in!

Compare scores with friends on all Sporcle quizzes.
Join for Free
OR
Log In

You Might Also Like...

Show Comments

Extras

Top Quizzes Today


Score Distribution

Your Account Isn't Verified!

In order to create a playlist on Sporcle, you need to verify the email address you used during registration. Go to your Sporcle Settings to finish the process.

Report this User

Report this user for behavior that violates our Community Guidelines.

Details: